|
|
|
|
| LEADER |
00000naa a2200000 c 4500 |
| 001 |
1945871601 |
| 003 |
DE-627 |
| 005 |
20251211081706.0 |
| 007 |
tu |
| 008 |
251211s2000 xx ||||| o 00| ||ger c |
| 035 |
|
|
|a (DE-627)1945871601
|
| 035 |
|
|
|a (DE-599)KXP1945871601
|
| 040 |
|
|
|a DE-627
|b ger
|c DE-627
|e rda
|
| 041 |
|
|
|a ger
|
| 084 |
|
|
|a 2,1
|2 ssgn
|
| 100 |
0 |
|
|a Wyss
|e VerfasserIn
|4 aut
|
| 245 |
1 |
0 |
|a [Rezension von: Parent, Colette, Féminismes & criminologie]
|c Wyss, Bern
|
| 264 |
|
1 |
|c 2000
|
| 336 |
|
|
|a Text
|b txt
|2 rdacontent
|
| 337 |
|
|
|a ohne Hilfsmittel zu benutzen
|b n
|2 rdamedia
|
| 338 |
|
|
|a Band
|b nc
|2 rdacarrier
|
| 655 |
|
7 |
|a Rezension
|0 (DE-588)4049712-4
|0 (DE-627)106186019
|0 (DE-576)209083166
|2 gnd-content
|
| 700 |
1 |
|
|a Parent, Colette
|e VerfasserIn des Bezugswerks
|4 ant
|
| 773 |
0 |
8 |
|i Enthalten in
|t Kriminologisches Journal
|d Weinheim : Beltz Juventa, 1969
|g 32(2000), 2, Seite 155-157
|w (DE-627)130092207
|w (DE-600)500591-7
|w (DE-576)018208223
|x 0341-1966
|7 nnas
|
| 773 |
1 |
8 |
|g volume:32
|g year:2000
|g number:2
|g pages:155-157
|
| 787 |
0 |
8 |
|i Rezension von
|a Parent, Colette
|t Féminismes & criminologie
|d Montréal : Presses de l'Université de Montréal [u.a.], 1998
|h 170 S.
|w (DE-627)1601460767
|w (DE-576)074044168
|z 2804119688
|z 2760304736
|z 2760617246
|
| 951 |
|
|
|a AR
|
| ELC |
|
|
|b 1
|
| LOK |
|
|
|0 000 xxxxxcx a22 zn 4500
|
| LOK |
|
|
|0 001 4826387768
|
| LOK |
|
|
|0 003 DE-627
|
| LOK |
|
|
|0 004 1945871601
|
| LOK |
|
|
|0 005 20251211081706
|
| LOK |
|
|
|0 008 251211||||||||||||||||ger|||||||
|
| LOK |
|
|
|0 040
|a DE-2619
|c DE-627
|d DE-2619
|
| LOK |
|
|
|0 092
|o n
|
| LOK |
|
|
|0 852
|a DE-2619
|
| LOK |
|
|
|0 852 1
|9 00
|
| LOK |
|
|
|0 939
|a 11-12-25
|b l01
|
| ORI |
|
|
|a SA-MARC-krimdoka001.raw
|